[Event "HUN-chT2 Asztalos 1819"]
[Site "Hungary"]
[Date "2019.03.31"]
[Round "8.8"]
[White "Nador, Zoltan"]
[Black "Forster, Tamas"]
[Result "1/2-1/2"]
[WhiteElo "1785"]
[BlackElo "2063"]
[PlyCount "30"]
[EventDate "2018.10.28"]
[EventType "team-tourn"]
[EventRounds "9"]
[EventCountry "HUN"]
[SourceTitle "EXT 2021"]
[Source "ChessBase"]
[SourceDate "2020.10.23"]
[SourceVersion "1"]
[SourceVersionDate "2020.10.23"]
[SourceQuality "1"]
[WhiteTeam "Marcali"]
[BlackTeam "Decs 1990"]
[WhiteTeamCountry "HUN"]
[BlackTeamCountry "HUN"]

1. c4 Nf6 2. Nc3 c5 3. g3 Nc6 4. Bg2 d6 5. d3 e6 6. Nf3 Be7 7. 0-0 0-0 8. d4 cxd4 9. Nxd4 Bd7 10. b3 a6 11. Bb2 Qc7 12. e4 Rfd8 13. Qd2 Rac8 14. Rad1 b6 15. Rc1 Nxd4 1/2-1/2

[Event "HUN-chT2 Asztalos 1415"]
[Site "Hungary"]
[Date "2015.04.26"]
[Round "9"]
[White "Forster, Tamas"]
[Black "Varga, Richard"]
[Result "1/2-1/2"]
[WhiteElo "2063"]
[BlackElo "2036"]
[PlyCount "53"]
[EventDate "2014.10.12"]
[EventType "team-tourn"]
[EventRounds "9"]
[EventCountry "HUN"]
[SourceTitle "EXT 2016"]
[Source "ChessBase"]
[SourceDate "2015.10.08"]
[SourceVersion "1"]
[SourceVersionDate "2015.10.08"]
[SourceQuality "1"]
[WhiteTeam "Decs II"]
[BlackTeam "Nagyatad"]
[WhiteTeamCountry "HUN"]
[BlackTeamCountry "HUN"]

1. d4 Nf6 2. c4 g6 3. Nc3 Bg7 4. e4 d6 5. Nf3 0-0 6. Be2 e5 7. dxe5 dxe5 8. Bg5 h6 9. Qxd8 Rxd8 10. Bxf6 Bxf6 11. Nd5 Nd7 12. Nxc7 Rb8 13. Nd5 Bg7 14. Rd1 Kf8 15. b4 b6 16. 0-0 Ba6 17. Nd2 Rbc8 18. g4 Nb8 19. Rc1 Nc6 20. Nb3 Bb7 21. Rfd1 Ne7 22. f3 f5 23. Nxe7 Kxe7 24. gxf5 gxf5 25. exf5 Bf6 26. Rxd8 Rxd8 27. Rd1 1/2-1/2

[Event "HUN-chT2 Asztalos 1314"]
[Site "Hungary"]
[Date "2014.02.16"]
[Round "5"]
[White "Weisz, Tamas"]
[Black "Forster, Tamas"]
[Result "1-0"]
[WhiteElo "1960"]
[BlackElo "2065"]
[PlyCount "63"]
[EventDate "2013.09.08"]
[EventType "team-tourn"]
[EventRounds "9"]
[EventCountry "HUN"]
[SourceTitle "EXT 2016"]
[Source "ChessBase"]
[SourceDate "2015.10.08"]
[SourceVersion "1"]
[SourceVersionDate "2015.10.08"]
[SourceQuality "1"]
[WhiteTeam "Kaposvar Bastya"]
[BlackTeam "Decs 1990 II"]
[WhiteTeamCountry "HUN"]
[BlackTeamCountry "HUN"]

1. d4 Nf6 2. Nf3 d6 3. c4 Nc6 4. Nc3 e5 5. dxe5 Nxe5 6. Nxe5 dxe5 7. Qxd8+ Kxd8 8. Bg5 c6 9. a3 Be6 10. e3 Be7 11. Be2 Nd7 12. Bxe7+ Kxe7 13. 0-0 Nc5 14. Rad1 Nb3 15. f4 exf4 16. exf4 f5 17. Rfe1 Rad8 18. Bd3 Kf7 19. Re5 g6 20. c5 Rd4 21. Ne2 Rd5 22. Rxe6 Kxe6 23. Bc4 Nxc5 24. Nc3 Rhd8 25. Bxd5+ cxd5 26. Nb5 Rd7 27. Nxa7 Na4 28. Rd2 d4 29. Nb5 d3 30. Kf2 Ke7 31. Ke3 Rd5 32. Nd4 1-0

[Event "HUN-chT2 Asztalos 1314"]
[Site "Hungary"]
[Date "2013.09.08"]
[Round "1"]
[White "Nagy, Imre2222"]
[Black "Forster, Tamas"]
[Result "0-1"]
[WhiteElo "1903"]
[BlackElo "2065"]
[PlyCount "52"]
[EventDate "2013.09.08"]
[EventType "team-tourn"]
[EventRounds "9"]
[EventCountry "HUN"]
[SourceTitle "EXT 2016"]
[Source "ChessBase"]
[SourceDate "2015.10.08"]
[SourceVersion "1"]
[SourceVersionDate "2015.10.08"]
[SourceQuality "1"]
[WhiteTeam "Szentlorinc"]
[BlackTeam "Decs 1990 II"]
[WhiteTeamCountry "HUN"]
[BlackTeamCountry "HUN"]

1. e4 e6 2. d4 d5 3. Nd2 dxe4 4. Nxe4 Bd7 5. Nf3 Bc6 6. Bd3 Be7 7. c3 Nd7 8. 0-0 Ngf6 9. Ng3 0-0 10. Re1 b6 11. Bf4 Bb7 12. Qe2 Bd6 13. Bxd6 cxd6 14. Rad1 Qc7 15. h4 Rfe8 16. Qd2 Bxf3 17. gxf3 d5 18. f4 g6 19. Kg2 b5 20. f5 exf5 21. Bxf5 Nf8 22. Qh6 Re7 23. Bd3 Rae8 24. Rxe7 Rxe7 25. Rd2 Ng4 26. Qg5 Ne6 0-1

[Event "HUN-chT2 Asztalos 1213"]
[Site "Hungary"]
[Date "2012.10.07"]
[Round "2.6"]
[White "Katona, Ferenc Jr"]
[Black "Forster, Tamas"]
[Result "1/2-1/2"]
[WhiteElo "1934"]
[BlackElo "2074"]
[PlyCount "39"]
[EventDate "2012.09.16"]
[EventType "team-tourn"]
[EventRounds "9"]
[EventCountry "HUN"]
[SourceTitle "EXT 2014"]
[Source "ChessBase"]
[SourceDate "2013.11.20"]
[SourceVersion "1"]
[SourceVersionDate "2013.11.20"]
[SourceQuality "1"]
[WhiteTeam "Dunaujvaros"]
[BlackTeam "Decs II"]
[WhiteTeamCountry "HUN"]
[BlackTeamCountry "HUN"]

1. d4 Nf6 2. e3 d5 3. f4 c5 4. Nf3 Nc6 5. c3 Bf5 6. Bd3 e6 7. 0-0 Bd6 8. Ne5 0-0 9. Qc2 Bxd3 10. Qxd3 Ne4 11. Nd2 f5 12. Qe2 Bxe5 13. fxe5 Qb6 14. Kh1 Rac8 15. g3 Rc7 16. Nxe4 fxe4 17. Rf4 Rcf7 18. b3 Qa5 19. Bd2 Qc7 20. Raf1 1/2-1/2

[Event "HUN-chT2 Asztalos 1112"]
[Site "Hungary"]
[Date "2011.11.27"]
[Round "4.6"]
[White "Mitric, Milutin"]
[Black "Forster, Tamas"]
[Result "1/2-1/2"]
[WhiteElo "1956"]
[BlackElo "2063"]
[PlyCount "26"]
[EventDate "2011.09.25"]
[EventType "team-tourn"]
[EventRounds "11"]
[EventCountry "HUN"]
[SourceTitle "EXT 2013"]
[Source "ChessBase"]
[SourceDate "2012.11.22"]
[SourceVersion "1"]
[SourceVersionDate "2012.11.22"]
[SourceQuality "1"]
[WhiteTeam "Mohacs"]
[BlackTeam "Dombovar"]
[WhiteTeamCountry "HUN"]
[BlackTeamCountry "HUN"]

1. d4 Nf6 2. Nf3 g6 3. c4 Bg7 4. Nc3 d6 5. e4 0-0 6. h3 c5 7. d5 a6 8. a4 a5 9. Be2 Na6 10. Be3 Nd7 11. 0-0 h6 12. Qd2 Kh7 13. Nh2 Nc7 1/2-1/2

[Event "HUN-chT2 Asztalos 1112"]
[Site "Hungary"]
[Date "2011.10.30"]
[Round "2.6"]
[White "Nemeth, Attila"]
[Black "Forster, Tamas"]
[Result "1-0"]
[WhiteElo "1584"]
[BlackElo "2063"]
[PlyCount "65"]
[EventDate "2011.09.25"]
[EventType "team-tourn"]
[EventRounds "11"]
[EventCountry "HUN"]
[SourceTitle "EXT 2013"]
[Source "ChessBase"]
[SourceDate "2012.11.22"]
[SourceVersion "1"]
[SourceVersionDate "2012.11.22"]
[SourceQuality "1"]
[WhiteTeam "Komlo"]
[BlackTeam "Dombovar"]
[WhiteTeamCountry "HUN"]
[BlackTeamCountry "HUN"]

1. d4 Nf6 2. c4 Nc6 3. Nc3 e5 4. d5 Ne7 5. h4 h5 6. Bg5 Ng6 7. e3 Bb4 8. Qc2 Bxc3+ 9. Qxc3 d6 10. Qc2 Bd7 11. Bd3 Ne7 12. Bxf6 gxf6 13. e4 Qc8 14. c5 f5 15. f3 fxe4 16. fxe4 f5 17. Nf3 fxe4 18. Bxe4 Bf5 19. Rc1 Bxe4 20. Qxe4 Qg4 21. Ng5 Qxe4+ 22. Nxe4 Nxd5 23. cxd6 c6 24. 0-0 0-0-0 25. Rf7 Rhf8 26. Rcf1 Nf4 27. Rxf8 Rxf8 28. Kh2 Kd7 29. g3 Ne6 30. Rxf8 Nxf8 31. g4 Ke6 32. gxh5 Kd5 33. h6 1-0

[Event "HUN-chT2 Asztalos 1112"]
[Site "Hungary"]
[Date "2011.09.25"]
[Round "1.6"]
[White "Forster, Tamas"]
[Black "Nador, Zoltan"]
[Result "1-0"]
[WhiteElo "2063"]
[BlackElo "1932"]
[PlyCount "83"]
[EventDate "2011.09.25"]
[EventType "team-tourn"]
[EventRounds "11"]
[EventCountry "HUN"]
[SourceTitle "EXT 2013"]
[Source "ChessBase"]
[SourceDate "2012.11.22"]
[SourceVersion "1"]
[SourceVersionDate "2012.11.22"]
[SourceQuality "1"]
[WhiteTeam "Dombovar"]
[BlackTeam "Marcali"]
[WhiteTeamCountry "HUN"]
[BlackTeamCountry "HUN"]

1. e4 e6 2. d4 d5 3. exd5 exd5 4. Bd3 c5 5. Nf3 Nc6 6. 0-0 Bd6 7. Re1+ Nge7 8. dxc5 Bxc5 9. c3 Bg4 10. b4 Bd6 11. Be3 a6 12. Nbd2 Rc8 13. Qa4 Bh5 14. b5 axb5 15. Qxb5 Qd7 16. Rab1 Rb8 17. Nd4 0-0 18. N2f3 Bg6 19. Bxg6 hxg6 20. Red1 Rfd8 21. a4 Qc7 22. Nb3 Qc8 23. Bb6 Rd7 24. Rd3 Ne5 25. Nxe5 Bxe5 26. Nc5 Rd6 27. Rbd1 Rc6 28. a5 Ra8 29. g3 Bc7 30. Na4 Ra6 31. Bxc7 Qxc7 32. Nb6 Ra7 33. Nxd5 Nxd5 34. Rxd5 Ra8 35. Rd7 Qxa5 36. Qxb7 Rf6 37. c4 Re8 38. Qd5 Re1+ 39. Kg2 Qxd5+ 40. R7xd5 Re4 41. R1d4 Re2 42. Rd8+ 1-0

[Event "HUN-chT2 Charousek 1011"]
[Site "Hungary"]
[Date "2011.04.17"]
[Round "9"]
[White "Forster, Tamas"]
[Black "Horvath, Csaba1111"]
[Result "1-0"]
[WhiteElo "2063"]
[BlackElo "1811"]
[PlyCount "45"]
[EventDate "2010.09.12"]
[EventType "team-tourn"]
[EventRounds "11"]
[EventCountry "HUN"]
[SourceTitle "EXT 2012"]
[Source "ChessBase"]
[SourceDate "2011.11.24"]
[SourceVersion "1"]
[SourceVersionDate "2011.11.24"]
[SourceQuality "1"]
[WhiteTeam "Decs II"]
[BlackTeam "Pannonpower"]
[WhiteTeamCountry "HUN"]
[BlackTeamCountry "HUN"]

1. e4 Nf6 2. Nc3 d6 3. Nf3 e5 4. d4 exd4 5. Nxd4 Be7 6. Be2 c6 7. 0-0 b5 8. a3 a5 9. Qd3 Bd7 10. f4 0-0 11. Kh1 Na6 12. e5 Nc5 13. Qf3 dxe5 14. fxe5 Ng4 15. Bf4 f6 16. Nxc6 Bxc6 17. Qxg4 fxe5 18. Bxe5 Rxf1+ 19. Rxf1 Bf8 20. Nxb5 Bd5 21. Nc7 Ra7 22. Nxd5 Qxd5 23. Bc4 1-0

[Event "HUN-chT2 Charousek 1011"]
[Site "Hungary"]
[Date "2010.11.21"]
[Round "6"]
[White "Forster, Tamas"]
[Black "Nagy, Kristof"]
[Result "0-1"]
[WhiteElo "2063"]
[BlackElo "1962"]
[PlyCount "68"]
[EventDate "2010.09.12"]
[EventType "team-tourn"]
[EventRounds "11"]
[EventCountry "HUN"]
[SourceTitle "EXT 2012"]
[Source "ChessBase"]
[SourceDate "2011.11.24"]
[SourceVersion "1"]
[SourceVersionDate "2011.11.24"]
[SourceQuality "1"]
[WhiteTeam "Decs II"]
[BlackTeam "Csuti II"]
[WhiteTeamCountry "HUN"]
[BlackTeamCountry "HUN"]

1. e4 c5 2. Nf3 d6 3. c4 e5 4. Nc3 Nc6 5. Be2 f5 6. d3 Be7 7. 0-0 Nf6 8. Qc2 0-0 9. Nd5 Bd7 10. Bd2 Rb8 11. a3 a6 12. b4 b5 13. cxb5 axb5 14. bxc5 dxc5 15. Nxf6+ Rxf6 16. Be3 Nd4 17. Bxd4 exd4 18. e5 Rc6 19. Nd2 Be6 20. f4 Qb6 21. a4 b4 22. Nc4 Qa7 23. Qb3 Ra6 24. Bf3 Qd7 25. Rf2 Kh8 26. Rc2 g5 27. g3 gxf4 28. gxf4 Bd5 29. Bxd5 Qxd5 30. Rg2 Rg8 31. Raa2 Rag6 32. Rg3 Rxg3+ 33. hxg3 Rxg3+ 34. Kh2 Qf3 0-1

[Event "HUN-chT2 Asztalos 0910"]
[Site "Hungary"]
[Date "2010.04.18"]
[Round "10"]
[White "Bator, Balazs"]
[Black "Forster, Tamas"]
[Result "1-0"]
[WhiteElo "1981"]
[BlackElo "2079"]
[PlyCount "53"]
[EventDate "2009.11.08"]
[EventType "team-tourn"]
[EventRounds "11"]
[EventCountry "HUN"]
[SourceTitle "EXT 2011"]
[Source "ChessBase"]
[SourceDate "2010.11.26"]
[SourceVersion "1"]
[SourceVersionDate "2010.11.26"]
[SourceQuality "1"]
[WhiteTeam "Komlo"]
[BlackTeam "Decs II"]
[WhiteTeamCountry "HUN"]
[BlackTeamCountry "HUN"]

1. e4 e6 2. d4 d5 3. exd5 exd5 4. Bd3 Bd6 5. c3 Nc6 6. Nf3 Bg4 7. 0-0 Qd7 8. Re1+ Nge7 9. b4 0-0-0 10. Bg5 f6 11. Bh4 Rde8 12. Bg3 g5 13. Bxd6 Qxd6 14. Nbd2 h5 15. a4 h4 16. a5 Bd7 17. b5 Nb8 18. c4 g4 19. c5 Qf4 20. g3 hxg3 21. fxg3 Qh6 22. Nh4 Qg5 23. b6 cxb6 24. cxb6 a6 25. Nf1 Nf5 26. Qc2+ Nc6 27. Bxf5 1-0

[Event "HUN-chT2 Asztalos 0809"]
[Site "Hungary"]
[Date "2009.02.08"]
[Round "7"]
[White "Toth, Zoltan Jr"]
[Black "Forster, Tamas"]
[Result "0-1"]
[WhiteElo "1997"]
[BlackElo "2057"]
[PlyCount "130"]
[EventDate "2008.10.26"]
[EventType "team-tourn"]
[EventRounds "11"]
[EventCountry "HUN"]
[SourceTitle "EXT 2010"]
[Source "ChessBase"]
[SourceDate "2010.11.25"]
[SourceVersion "1"]
[SourceVersionDate "2010.11.25"]
[SourceQuality "1"]
[WhiteTeam "Dombovar"]
[BlackTeam "Szekszard/Decs II"]
[WhiteTeamCountry "HUN"]
[BlackTeamCountry "HUN"]

1. e4 e6 2. d4 d5 3. e5 c5 4. c3 Nc6 5. a3 Bd7 6. Nf3 c4 7. g3 Na5 8. Nbd2 Bc6 9. Bg2 Qd7 10. 0-0 Ba4 11. Qe2 Be7 12. Ne1 h5 13. f4 g6 14. Nef3 Nh6 15. Bh3 0-0-0 16. Rf2 Nf5 17. Nf1 Kb8 18. Ne3 Bb3 19. Nf1 Qa4 20. Ne3 b5 21. Nc2 h4 22. g4 Ng3 23. Qd1 Nc6 24. Rg2 Ne4 25. Qe2 Qa5 26. Rb1 Qb6 27. g5 Na5 28. Qe1 Nc6 29. Nb4 a5 30. Nxc6+ Qxc6 31. Nd2 Bc2 32. Ra1 Kb7 33. Nxe4 Bxe4 34. Rg4 Bf5 35. Qd1 Bxg4 36. Bxg4 b4 37. h3 Ra8 38. Bd2 bxa3 39. bxa3 Ka6 40. Qe1 Rab8 41. Bd1 a4 42. Bc2 Ka5 43. Bc1 Rb7 44. Kg2 Rhb8 45. Qd1 Qe8 46. Kf2 Rb3 47. Qd2 Qf8 48. Bxb3 Rxb3 49. Ke3 Bxa3 50. Bxa3 Rxa3 51. Rxa3 Qxa3 52. Qc2 Qa1 53. Kd2 Qf1 54. Qc1 Qxf4+ 55. Kc2 Qf5+ 56. Kd1 Qd3+ 57. Ke1 Qe4+ 58. Kd1 Qh1+ 59. Kc2 Qg2+ 60. Kb1 Qe2 61. Qa3 Qd1+ 62. Qc1 Qb3+ 63. Qb2 a3 64. Qxb3 cxb3 65. Ka1 Kb5 0-1

[Event "HUN-chT2 Asztalos 0809"]
[Site "Hungary"]
[Date "2009.01.11"]
[Round "5"]
[White "Kohalmi, Endre"]
[Black "Forster, Tamas"]
[Result "0-1"]
[WhiteElo "1964"]
[BlackElo "2057"]
[PlyCount "54"]
[EventDate "2008.10.26"]
[EventType "team-tourn"]
[EventRounds "11"]
[EventCountry "HUN"]
[SourceTitle "EXT 2010"]
[Source "ChessBase"]
[SourceDate "2010.11.25"]
[SourceVersion "1"]
[SourceVersionDate "2010.11.25"]
[SourceQuality "1"]
[WhiteTeam "Komlo"]
[BlackTeam "Szekszard/Decs II"]
[WhiteTeamCountry "HUN"]
[BlackTeamCountry "HUN"]

1. d4 Nf6 2. c4 Nc6 3. Nc3 e5 4. d5 Ne7 5. e4 Ng6 6. Bd3 Bc5 7. Nge2 Ng4 8. Kd2 Nxf2 9. Qf1 Nxh1 10. Qxh1 d6 11. Kc2 0-0 12. Bd2 f5 13. exf5 Bxf5 14. Ne4 Nf4 15. Nxf4 exf4 16. Rf1 Bxe4 17. Bxe4 Qe7 18. Re1 Qh4 19. Re2 Rae8 20. Be1 Qf6 21. Bc3 Bd4 22. Bxd4 Qxd4 23. Bd3 Rxe2+ 24. Bxe2 Re8 25. Qf1 Re3 26. b3 Qc3+ 27. Kb1 Qd2 0-1

[Event "HUN-chT2 Asztalos 0809"]
[Site "Hungary"]
[Date "2008.12.21"]
[Round "4"]
[White "Degi, Janos"]
[Black "Forster, Tamas"]
[Result "0-1"]
[WhiteElo "1942"]
[BlackElo "2057"]
[PlyCount "82"]
[EventDate "2008.10.26"]
[EventType "team-tourn"]
[EventRounds "11"]
[EventCountry "HUN"]
[SourceTitle "EXT 2010"]
[Source "ChessBase"]
[SourceDate "2010.11.25"]
[SourceVersion "1"]
[SourceVersionDate "2010.11.25"]
[SourceQuality "1"]
[WhiteTeam "Nagyatad"]
[BlackTeam "Szekszard/Decs II"]
[WhiteTeamCountry "HUN"]
[BlackTeamCountry "HUN"]

1. d4 Nf6 2. Bg5 Ne4 3. Bh4 g5 4. f3 gxh4 5. fxe4 Bh6 6. Nf3 e6 7. Nbd2 d6 8. c3 c5 9. Nc4 b5 10. Na3 Bd7 11. dxc5 dxc5 12. Qd6 Qe7 13. Qe5 0-0 14. Qh5 Bg7 15. e3 b4 16. Nc4 bxc3 17. e5 cxb2 18. Nxb2 Nc6 19. Bd3 f5 20. Nc4 Be8 21. Qg5 Qxg5 22. Nxg5 Nxe5 23. Nxe5 Bxe5 24. Rc1 Bf7 25. g3 hxg3 26. hxg3 Bxg3+ 27. Ke2 h5 28. Rcg1 h4 29. Nf3 Bg6 30. Bc4 Kf7 31. Ng5+ Kf6 32. Nh3 Bh5+ 33. Kf1 Bf3 34. Rxg3 hxg3 35. Rg1 Rg8 36. Nf4 Rad8 37. Nd3 Bd5 38. Bb5 Bxa2 39. Ke2 c4 40. Nf4 Rb8 41. e4 Rxb5 0-1

[Event "HUN-chT2 Asztalos 0708"]
[Site "Hungary"]
[Date "2008.02.17"]
[Round "6"]
[White "Szijarto, Attila"]
[Black "Forster, Tamas"]
[Result "1-0"]
[WhiteElo "2048"]
[BlackElo "2054"]
[PlyCount "137"]
[EventDate "2007.10.14"]
[EventType "team"]
[EventRounds "11"]
[EventCountry "HUN"]
[SourceTitle "EXT 2009"]
[Source "ChessBase"]
[SourceDate "2008.11.26"]
[SourceVersion "1"]
[SourceVersionDate "2008.11.26"]
[SourceQuality "1"]
[WhiteTeam "Nagyatad"]
[BlackTeam "Szekszard"]
[WhiteTeamCountry "HUN"]
[BlackTeamCountry "HUN"]

1. e4 e6 2. d4 d5 3. Nd2 Nf6 4. e5 Nfd7 5. f4 c5 6. Ndf3 Nc6 7. Ne2 Be7 8. c3 0-0 9. Be3 f6 10. exf6 gxf6 11. Qd2 Qa5 12. dxc5 Bxc5 13. Bxc5 Qxc5 14. Ned4 Nb6 15. 0-0-0 Bd7 16. Nb3 Qe7 17. Bd3 e5 18. Bc2 a5 19. Rde1 e4 20. Kb1 a4 21. Nc1 Qc5 22. Nd4 Nc4 23. Qd1 Nxb2 24. Qh5 Nc4 25. Bxe4 Nd2+ 26. Kc2 Nxe4 27. Rxe4 Qc4 28. Qe2 Bf5 29. Nxf5 Qxe4+ 30. Qxe4 dxe4 31. Nd6 e3 32. Nxb7 a3 33. Nc5 Kf7 34. Re1 Rfe8 35. N1d3 Na5 36. f5 Nc4 37. Ne6 Rab8 38. Nb4 Rec8 39. Nd3 Rb5 40. g4 Rcb8 41. Nb4 Rc8 42. Nd3 Nb2 43. Ndf4 Re5 44. Nd4 Re4 45. Nde6 Na4 46. Nd5 Rxg4 47. Rxe3 Rg2+ 48. Kb3 Nb2 49. Re4 Nd1 50. Nec7 Rxh2 51. Re7+ Kg8 52. Nxf6+ Kf8 53. Nfd5 Rh3 54. f6 Rf3 55. Rxh7 Rb8+ 56. Kxa3 Kg8 57. Rg7+ Kh8 58. Re7 Nxc3 59. Re3 Nb1+ 60. Ka4 Rf2 61. a3 Kg8 62. Nb5 Kf7 63. Re7+ Kg6 64. Rg7+ Kf5 65. f7 Ke6 66. Ndc7+ Ke7 67. Nd5+ Ke6 68. Nbc7+ Ke5 69. Rg8 1-0

[Event "HUN-chT2 Asztalos 0405"]
[Site "Hungary"]
[Date "2005.04.24"]
[Round "11"]
[White "Ronga, Attila"]
[Black "Forster, Tamas"]
[Result "1/2-1/2"]
[WhiteElo "2069"]
[BlackElo "2078"]
[PlyCount "89"]
[EventDate "2004.09.26"]
[EventType "team"]
[EventRounds "11"]
[EventCountry "HUN"]
[SourceTitle "EXT 2009"]
[Source "ChessBase"]
[SourceDate "2008.11.26"]
[SourceVersion "1"]
[SourceVersionDate "2008.11.26"]
[SourceQuality "1"]
[WhiteTeam "Szenna Pack II"]
[BlackTeam "Szekszard"]
[WhiteTeamCountry "HUN"]
[BlackTeamCountry "HUN"]

1. e4 e6 2. d4 d5 3. exd5 exd5 4. c4 c6 5. Nc3 Nf6 6. Bd3 Bg4 7. Nge2 Bb4 8. 0-0 0-0 9. Qb3 dxc4 10. Bxc4 Bxc3 11. bxc3 b5 12. Bd3 Re8 13. Re1 Nbd7 14. Qc2 a6 15. Ba3 Qc7 16. Ng3 c5 17. d5 Qa5 18. Bb2 c4 19. Bf5 Bxf5 20. Qxf5 Nc5 21. d6 Nd3 22. Re7 Nxb2 23. Ne4 Rxe7 24. Nxf6+ gxf6 25. dxe7 Qxc3 26. Qd5 Rb8 27. Qd8+ Rxd8 28. exd8Q+ Kg7 29. Qd6 Qd3 30. Qg3+ Qxg3 31. fxg3 c3 32. Kf1 Na4 33. a3 Kg6 34. Ke2 Kf5 35. Kd3 Ke5 36. Re1+ Kd5 37. Re7 a5 38. Rxf7 b4 39. Rxf6 Nc5+ 40. Kc2 b3+ 41. Kxc3 Ne4+ 42. Kxb3 Nxf6 43. Ka4 Kc4 44. Kxa5 Kc5 45. Ka6 1/2-1/2

[Event "HUN-chT2 Asztalos 0405"]
[Site "Hungary"]
[Date "2005.02.06"]
[Round "7"]
[White "Forster, Tamas"]
[Black "Pais, Nimrod"]
[Result "1-0"]
[WhiteElo "2078"]
[BlackElo "2168"]
[PlyCount "63"]
[EventDate "2004.09.26"]
[EventType "team"]
[EventRounds "11"]
[EventCountry "HUN"]
[SourceTitle "EXT 2009"]
[Source "ChessBase"]
[SourceDate "2008.11.26"]
[SourceVersion "1"]
[SourceVersionDate "2008.11.26"]
[SourceQuality "1"]
[WhiteTeam "Szekszard"]
[BlackTeam "Fehervar"]
[WhiteTeamCountry "HUN"]
[BlackTeamCountry "HUN"]

1. e4 e5 2. Nf3 Nc6 3. Nc3 a6 4. d4 exd4 5. Nxd4 Bb4 6. Nxc6 Bxc3+ 7. bxc3 bxc6 8. Bd3 Qf6 9. Bd2 d6 10. 0-0 Ne7 11. f4 0-0 12. Qh5 Qe6 13. f5 Qe5 14. Rf3 g6 15. Qh6 f6 16. Raf1 Bd7 17. Bc4+ d5 18. fxg6 Nxg6 19. exd5 cxd5 20. Bd3 f5 21. h4 Rf7 22. h5 Ne7 23. Bf4 Qxc3 24. Rg3+ Kh8 25. Re3 Nc6 26. Bxf5 Qg7 27. Qxg7+ Kxg7 28. Bxd7 Rxd7 29. Re6 Nb4 30. Be5+ Kg8 31. h6 c5 32. Bg7 1-0

[Event "HUN-chT2 Asztalos 0405"]
[Site "Hungary"]
[Date "2004.09.26"]
[Round "1"]
[White "Fodor, Tamas Jr"]
[Black "Forster, Tamas"]
[Result "1-0"]
[WhiteElo "2202"]
[BlackElo "2078"]
[PlyCount "45"]
[EventDate "2004.09.26"]
[EventType "team"]
[EventRounds "11"]
[EventCountry "HUN"]
[SourceTitle "EXT 2009"]
[Source "ChessBase"]
[SourceDate "2008.11.26"]
[SourceVersion "1"]
[SourceVersionDate "2008.11.26"]
[SourceQuality "1"]
[WhiteTeam "Paks II"]
[BlackTeam "Szekszard"]
[WhiteTeamCountry "HUN"]
[BlackTeamCountry "HUN"]

1. d4 e6 2. c4 d5 3. Nc3 Nf6 4. cxd5 exd5 5. Bg5 Be7 6. e3 0-0 7. Bd3 h6 8. Bh4 b6 9. Rc1 Be6 10. Nf3 c5 11. Ne5 Nfd7 12. Bg3 Nxe5 13. dxe5 Nc6 14. 0-0 f5 15. Qf3 Qd7 16. Rfd1 a6 17. Nxd5 Qxd5 18. Bc4 Qxf3 19. Bxe6+ Kh7 20. gxf3 h5 21. h4 Kg6 22. Rd7 Rad8 23. Rc7 1-0

[Event "HUN-chT2 Asztalos 0304"]
[Site "Hungary"]
[Date "2004.02.22"]
[Round "8"]
[White "Forster, Tamas"]
[Black "Konig, Balazs"]
[Result "0-1"]
[WhiteElo "2075"]
[BlackElo "2195"]
[PlyCount "54"]
[EventDate "2003.08.29"]
[EventType "team"]
[EventRounds "11"]
[EventCountry "HUN"]
[SourceTitle "EXT 2009"]
[Source "ChessBase"]
[SourceDate "2008.11.26"]
[SourceVersion "1"]
[SourceVersionDate "2008.11.26"]
[SourceQuality "1"]
[WhiteTeam "Gepelem"]
[BlackTeam "Pannonpower"]
[WhiteTeamCountry "HUN"]
[BlackTeamCountry "HUN"]

1. e4 d5 2. d4 dxe4 3. Nc3 e5 4. Be3 exd4 5. Bxd4 Nc6 6. Bb5 Bd7 7. Qd2 Nxd4 8. Qxd4 Bxb5 9. Qxe4+ Be7 10. Nxb5 c6 11. Nc3 Nf6 12. Qf3 0-0 13. Nge2 Re8 14. 0-0 Qb6 15. b3 Bb4 16. Na4 Qa5 17. c3 Bd6 18. Rad1 Qe5 19. Ng3 g6 20. c4 Kg7 21. Rd3 h5 22. Rfd1 Rad8 23. Nc3 Bc7 24. Nf1 Rxd3 25. Rxd3 Ng4 26. Rd7 Qxh2+ 27. Nxh2 Re1+ 0-1